Robotizácia a bezpečnosť práce /
Salvato in:
| Autore principale: | |
|---|---|
| Natura: | Libro |
| Lingua: | slovacco |
| Pubblicazione: |
Bratislava :
Práca,
1990
|
| Soggetti: | |
| Tags: |
Nessun Tag, puoi essere il primo ad aggiungerne!!
|
MARC
| LEADER | 00000nam a22000003a 4500 | ||
|---|---|---|---|
| 001 | stu36639 | ||
| 005 | 20150617225727.3 | ||
| 008 | 920616s1990----cs------------------slo-d | ||
| 040 | |a STU |b slo | ||
| 041 | 0 | |a slo | |
| 044 | |a cs | ||
| 080 | |a 621.865.8 |7 A000003983 | ||
| 080 | |a 331.823 | ||
| 100 | 1 | |a Gurecka, Ondrej |4 aut | |
| 245 | 1 | |a Robotizácia a bezpečnosť práce / |c [aut.]Ondrej Gurecka | |
| 260 | |a Bratislava : |b Práca, |c 1990 | ||
| 300 | |a 112 s | ||
| 650 | 7 | |a Robotizácia |2 stusub | |
| 650 | 7 | |a BOZ |2 stusub | |
| 996 | |b M 25058 |c M*7940-1 |l MMKN |s A |a 24 |w stu36639_0001 | ||